00704nam a2200181 a 450000100100000000500170001000800410002702000150006804000250008310000300010824500800013826000630021830000210028150000600030250400320036295201110039499900170050500003966020201002033650.0130715s2002 xxu 000 0 spa d a0826213634 aDO-SdBNPbspacBNPHU1 aCollins, Marsha S.96585010aThe soledades, Góngora´s Masque of the imagination /cMarsha S. Collins. aUnited States of America :bUniversity of Missouri,c2002. a270 p. ;c25 cm. aIncluye datos biográficos de la autora en las solapas aBibliografía : p. 249-265 001054708MOaGRbGRcCTd2013-07-15iLF1l0o p39660-10r2020-06-25w2020-06-25y4ZPréstamo en sala c39150d39150